000 00217nam a22001097a 4500
020 _a978-93-5064-076-0
082 _a474
_bWIL/H
245 _aHANUMAN
260 _aMUMBAI
_bWILCO
650 _aSTORY
_zMUMBAI
942 _cBK
999 _c6992
_d6992